The Amazing Race Detours Quiz Stats

 Plays Quiz not verified by Sporcle

Score 0/38 Timer 07:00
0 Plays Today
% Correct
Embrace the Future
70.9%
Swamp That
68.4%
Alphabetized
67.1%
Condor Consternation
64.6%
Balancing Dolly
62%
Shake Your Booty
62%
Long & Short
62%
Cheese
60.8%
Shakers
60.8%
Fuel
60.8%
Fruity Top
54.4%
Lugout
53.2%
Marksmanship
51.9%
Language Arts
51.9%
Ox Trot
51.9%
Cookie Confection
50.6%
Play Like Mad
49.4%
Shop
49.4%
Seek Out
48.1%
% Correct
Teary Eyed
46.8%
Whisky Rollin'
45.6%
Scrub It
45.6%
Masquerade
44.3%
Perfect Angle
44.3%
Rotor Head
44.3%
Pachyderm
43%
Sampan
43%
Viking Alphabet
43%
Rock & Roll
40.5%
Mud the Hut
36.7%
Pull 'Em Up
34.2%
Hammer of the Cods
32.9%
Straw Dogs
31.6%
Beach It
30.4%
Fill It Up
24.1%
Muddy Waters
22.8%
Short Letter
19%
River Wild
16.5%

You're not logged in!

Compare scores with friends on all Sporcle quizzes.
OR
Log In

Show Comments

Extras

Top Quizzes Today


Score Distribution

Your Account Isn't Verified!

In order to create a playlist on Sporcle, you need to verify the email address you used during registration. Go to your Sporcle Settings to finish the process.

Report this User

Report this user for behavior that violates our Community Guidelines.

Details: